LEADER 01246cam--2200385---450- 001 990005760890403321 005 20100421132257.0 010 $a3-7861-1205-3 035 $a000576089 035 $aFED01000576089 035 $a(Aleph)000576089FED01 035 $a000576089 100 $a19990604g19799999km-y0itay50------ba 101 0 $ager 102 $aDE 105 $aa---b---001yy 200 1 $a<>Sarkophage der Westlichen Gebiete des Imperium romanum 210 $aBerlin$cGebr. Mann$d1979- 215 $av.$cill.$d35 cm 225 1 $a<>antiken Sarkophagreliefs$v8,2 304 $aSul front.: Deutsches Archäologisches Institut 327 0 $a1.: Die ravennatischen Sarkophage / bearbeitet von Johannes Kollwitz und Helga Herdejurgen. - 1979 610 0 $aSarcofagi romani$aCataloghi 676 $a930.1$v21$zita 676 $a733.5 702 1$aKollwitz,$bJohannes 702 1$aHerdejürgen,$bHelga 712 10$aDeutsches Archäologisches Institut$c 801 0$aIT$bUNINA$gRICA$2UNIMARC 901 $aBK 912 $a990005760890403321 952 $a930.1 ASR 8,2$b60371 bibl.$fFLFBC 959 $aFLFBC 996 $aSarkophage der westlichen Gebiete des Imperium Romanum$9284019 997 $aUNINA LEADER 01503nam 2200373 a 450 001 9910695977903321 005 20070717084116.0 035 $a(CKB)5470000002374019 035 $a(OCoLC)156201637 035 $a(EXLCZ)995470000002374019 100 $a20070717d2007 ua 0 101 0 $aeng 135 $aurmn||||||||| 181 $ctxt$2rdacontent 182 $cc$2rdamedia 183 $acr$2rdacarrier 200 10$aFood Stamp Program$b[electronic resource] $euse of alternative methods to apply for and maintain benefits could be enhanced by additional evaluation and information on promising practices : report to the Chairman, Committee on Agriculture, Nutrition, and Forestry, U.S. Senate 210 1$a[Washington, D.C.] :$cU.S. Govt. Accountability Office,$d[2007] 215 $aii, 46 pages $cdigital, PDF file 300 $aTitle from title screen (viewed on July 3, 2007). 300 $a"May 2007." 300 $aPaper version available from: U.S. Govt. Accountability Office, 441 G St., NW, Rm. LM, Washington, D.C. 20548. 300 $a"GAO-07-573." 320 $aIncludes bibliographical references. 517 $aFood Stamp Program 606 $aFood stamps$zUnited States$xStates 615 0$aFood stamps$xStates. 712 02$aUnited States.$bCongress.$bSenate.$bCommittee on Agriculture, Nutrition, and Forestry. 801 0$bGPO 801 1$bGPO 906 $aBOOK 912 $a9910695977903321 996 $aFood Stamp Program$93426048 997 $aUNINA